Plantas medicinales de uso común en Chile
Guardat en:
| Autor principal: | |
|---|---|
| Altres autors: | , , |
| Format: | Llibre |
| Idioma: | espanyol |
| Publicat: |
Santiago
Fundación Claudio Gay
2003
|
| Edició: | Tercera edición |
| Matèries: | |
| Etiquetes: |
Afegir etiqueta
Sense etiquetes, Sigues el primer a etiquetar aquest registre!
|
MARC
| LEADER | 00000cam a2200000 a 4500 | ||
|---|---|---|---|
| 001 | UCI2869 | ||
| 003 | CL-VaPUC | ||
| 005 | 20220913124639.0 | ||
| 008 | 070928e20030000CL |||||||||||||||||spa|d | ||
| 999 | |c 327283 |d 327281 | ||
| 040 | |c Pontificia Universidad Católica de Valparaíso | ||
| 082 | 0 | 4 | |a 633.88 HOF 2003 |2 21 |
| 100 | |a Hoffmann J., Adriana E |e author |9 598071 | ||
| 245 | 1 | 0 | |a Plantas medicinales de uso común en Chile |
| 250 | |a Tercera edición | ||
| 260 | |a Santiago |b Fundación Claudio Gay |c 2003 | ||
| 300 | |a 275 páginas | ||
| 583 | |a last modification |c 20180803 12:12:52 |k Rodrigo Vera | ||
| 650 | 0 | |a Plantas medicinales |9 334373 | |
| 650 | 0 | |a Hierbas |9 339681 | |
| 650 | 7 | |a MEDICINA POPULAR |2 CL-VaPUC |9 311908 | |
| 651 | 7 | |a CHILE |2 CL-VaPUC |9 524068 | |
| 700 | 0 | |a Farga, Cristina |9 524065 | |
| 700 | 0 | |a Lastra, Jorge |9 524066 | |
| 700 | 0 | |a Veghazi, Esteban |9 524067 | |
| 942 | |c BK |2 ddc | ||
| 945 | |d 20070928 00:00:00 |a jtorresc | ||
| 952 | |0 0 |1 0 |2 ddc |4 0 |6 633_880000000000000_HOF_2003 |7 0 |8 A |9 409905 |a BIBCUR |b BIBCUR |d 2019-11-22 |i 4370988 |l 1 |o 633.88 HOF 2003 |p 4370988 |r 2025-04-22 |s 2023-09-01 |t 1 |w 2019-11-22 |y BK |k BIO | ||
| 952 | |0 0 |1 0 |2 ddc |4 0 |6 633_880000000000000_HOF_2003 |7 0 |8 A |9 409906 |a BIBAGR |b BIBAGR |d 2019-11-22 |i 4437519 |o 633.88 HOF 2003 |p 4437519 |r 2025-01-20 |t 7 |w 2019-11-22 |y BK |k AGR | ||
| 952 | |0 0 |1 0 |2 ddc |4 0 |6 633_880000000000000_HOF_2003 |7 0 |8 A |9 409907 |a BIBAGR |b BIBAGR |d 2019-11-22 |i 4437500 |o 633.88 HOF 2003 |p 4437500 |r 2025-01-20 |t 8 |w 2019-11-22 |y BK |k AGR | ||
| 952 | |0 0 |1 0 |2 ddc |4 0 |6 633_880000000000000_HOF_2003 |7 0 |8 A |9 409908 |a BIBCUR |b BIBCUR |d 2019-11-22 |i 4504283 |l 2 |o 633.88 HOF 2003 |p 4504283 |r 2025-04-22 |s 2023-10-10 |t 2 |w 2019-11-22 |y BK |k BIO | ||
| 952 | |0 0 |1 0 |2 ddc |4 0 |6 633_880000000000000_HOF_2003 |7 0 |8 A |9 409909 |a BIBCUR |b BIBCUR |d 2019-11-22 |i 4504291 |l 3 |o 633.88 HOF 2003 |p 4504291 |r 2025-04-22 |s 2022-04-07 |t 3 |w 2019-11-22 |y BK |k BIO | ||
| 952 | |0 0 |1 0 |2 ddc |4 0 |6 633_880000000000000_HOF_2003 |7 0 |8 A |9 409910 |a BIBAGR |b BIBAGR |d 2019-11-22 |i 4559487 |l 4 |o 633.88 HOF 2003 |p 4559487 |r 2025-01-20 |s 2022-11-07 |t 9 |w 2019-11-22 |y BK |k AGR | ||
| 952 | |0 0 |1 0 |2 ddc |4 0 |6 633_880000000000000_HOF_2003 |7 0 |8 A |9 409911 |a BIBAGR |b BIBAGR |d 2019-11-22 |i 4559495 |o 633.88 HOF 2003 |p 4559495 |r 2025-01-20 |t 10 |w 2019-11-22 |y BK |k AGR | ||
| 952 | |0 0 |1 0 |2 ddc |3 erb |4 0 |6 633_880000000000000_HOF_2003 |7 0 |8 A |9 409914 |a BIBING |b BIBING |i 5485452 |l 2 |m 1 |o 633.88 HOF 2003 |p 5485452 |r 2025-01-20 |s 2023-11-15 |t 6 |w 2019-11-22 |y BK |z Catalogado en:20180803 |k GEO | ||